000 00280nam a2200097Ia 4500
008 240331s9999 xx 000 0 und d
082 _a294.5
_bTAN
100 _aTanaka, M
245 0 _aPatros,devotees and goddesses :
_britual and power among the tamil fisherman of Sri lanka
942 _cL
999 _c950
_d950